Library Header

Crime and punishment : a novel in six parts and an epilogue. (Record no. 1070)

MARC details
000 -LEADER
fixed length control field 00425nam a2200121 4500
082 ## - DEWEY DECIMAL CLASSIFICATION NUMBER
Classification number 891.733
Item number DOS/COU
100 ## - MAIN ENTRY--PERSONAL NAME
Personal name Dostoevsky, F.M
245 ## - TITLE STATEMENT
Title Crime and punishment : a novel in six parts and an epilogue.
Statement of responsibility, etc. by F.M. Dostoevsky and translated from the Russian by Jessie Caulson.
260 ## - PUBLICATION, DISTRIBUTION, ETC.
Place of publication, distribution, etc. London
Name of publisher, distributor, etc. Oxford University Press
Date of publication, distribution, etc. 1973
300 ## - PHYSICAL DESCRIPTION
Extent xiv,527p.; 16cm
490 ## - SERIES STATEMENT
Series statement World classics;no. 619.
710 ## - ADDED ENTRY--CORPORATE NAME
Corporate name or jurisdiction name as entry element Caulson, Jessie
Holdings
Withdrawn status Lost status Damaged status Not for loan Collection code Home library Current library Date acquired Total Checkouts Full call number Barcode Date last seen Date last checked out Price effective from Koha item type
        ENGLISH North Eastern Hill University North Eastern Hill University 18/11/2011 1 891.733 DOS/COU A1323 08/08/2013 29/07/2013 18/11/2011 Books